000 01335nam a2200241 a 4500
001 FIB003158 SSB011107
003 PILC
005 20150921142548.0
008
020 _a9789715560481 (pbk.)
050 _aZ 694.15.R47
_b.N213 2014
110 2 _aNational Committe on Resource Description and Access (Philippines).
245 0 _aCataloging policy statements and RDA guidelines for Philippine libraries /
_bNational Committee on Resource Description and Access (NCRDA) ; a joint project of the National Library of the Philippines (NLP), Philippine Association of Academic/Research Librarians, Inc. (PAARL), National Commission for Culture and the Arts $1 (B National Committee on Library and Information Services (NCCA-NCLIS).
300 _a140 pages :
_billustrations ;
_c28 cm.
500 _aIncludes bibliographical references.
650 _aResource description and access.
650 _aDescriptive cataloging
_xStandards.
710 _aNational Library of the Philippines.
710 _aPhilippine Association of Academic/Research Librarians, Inc.
710 _aNational Commission for Culture and the Arts.
_bNational Committee on Library and Information Services.
710 _aNational Committe on Resource Description and Access (Philippines).
942 _2lcc
_cBK
_kFOR
999 _c288709
_d288709